Climate change mitigation and adaptation / (Record no. 12867)
[ view plain ]
| 000 -LEADER | |
|---|---|
| fixed length control field | 00739nam a2200241 a 4500 |
| 001 - CONTROL NUMBER | |
| JCCL Control Number | 12867 |
| 003 - CONTROL NUMBER IDENTIFIER | |
| JCCL marc code | BD-JhCC |
| 005 - DATE AND TIME OF LATEST TRANSACTION | |
| control field | 20230521131631.0 |
| 008 - FIXED-LENGTH DATA ELEMENTS--GENERAL INFORMATION | |
| fixed length control field | 230521s2019 b a|||| |||| 000 0 e d |
| 020 ## - INTERNATIONAL STANDARD BOOK NUMBER | |
| International Standard Book Number | 9789843467058 |
| 035 ## - SYSTEM CONTROL NUMBER | |
| system control number | (BD-JhCC)12867 |
| 040 ## - CATALOGING SOURCE | |
| Original cataloging agency | BD-JhCC |
| Modifying agency | BD-JhCC |
| 041 ## - LANGUAGE CODE | |
| Language code of Book | eng |
| 082 ## - DEWEY DECIMAL CLASSIFICATION NUMBER | |
| Classification number | 363.73874 |
| Author mark and Year | CLI 2019 |
| 245 ## - TITLE STATEMENT | |
| Title | Climate change mitigation and adaptation / |
| Statement of responsibility, etc | Rafiqul Islam ...[et. al]. |
| 260 ## - PUBLICATION, DISTRIBUTION, ETC. (IMPRINT) | |
| Place of publication, distribution, etc | University of Dhaka, Dhaka : |
| Name of publisher, distributor, etc | Center for Climate Change Study and Research Utilization, |
| Date of publication, distribution, etc | 2019 |
| 300 ## - PHYSICAL DESCRIPTION | |
| Pagination | viii, 323 p. : |
| Other physical details | illus; |
| Dimensions | 23 cm. |
| 504 ## - BIBLIOGRAPHY, ETC. NOTE | |
| Bibliography, etc | Includes Bibliography |
| 650 ## - SUBJECT ADDED ENTRY--TOPICAL TERM | |
| Topical term or geographic name as entry element | Climatic changes |
| 650 ## - SUBJECT ADDED ENTRY--TOPICAL TERM | |
| Topical term or geographic name as entry element | Climate change mitigation |
| 700 ## - ADDED ENTRY--PERSONAL NAME | |
| Personal name | Islam, Rafiqul |
| 942 ## - ADDED ENTRY ELEMENTS (KOHA) | |
| Source of classification or shelving scheme | Dewey Decimal Classification |
| Koha item type | Books |
| Source of classification or shelving scheme | Damaged status | Not for loan | Home library | Current library | Shelving location | Date of accession | Cost, normal purchase price | Full call number | Barcode | Date last seen | Copy number | Method of acquisition | Koha item type | Currency | Total Checkouts | Date checked out |
|---|---|---|---|---|---|---|---|---|---|---|---|---|---|---|---|---|
| Dewey Decimal Classification | JCC Rouf Library | JCC Rouf Library | General Stacks | 05/21/2023 | 2000.00 | 363.73874 CLI 2019 | 17796 | 05/21/2023 | C-1 | Gift/Donation | Books | BDT | ||||
| Dewey Decimal Classification | JCC Rouf Library | JCC Rouf Library | General Stacks | 05/21/2023 | 2000.00 | 363.73874 CLI 2019 | 17795 | 05/21/2023 | C-2 | Gift/Donation | Books | BDT | ||||
| Dewey Decimal Classification | JCC Rouf Library | JCC Rouf Library | General Stacks | 05/21/2023 | 2000.00 | 363.73874 CLI 2019 | 17794 | 09/19/2023 | C-3 | Gift/Donation | Books | BDT | 1 | 09/10/2023 |